Statistics for Countries with "om"

Click here to take the quiz!

General Stats

  • This quiz has been taken 41 times
  • The average score is 6 of 10

Answer Stats

Answer% Correct
Romania
80%
Somalia
74%
Comoros
71%
Oman
69%
United Kingdom
66%
Colombia
63%
Dominica
63%
Dominican Republic
63%
Solomon Islands
51%
Sao Tome and Principe
37%

Score Distribution

Percentile by Number Answered

Percent of People with Each Score

Your Score History

You have not taken this quiz